000 00644nam a2200205Ia 4500
003 GCL
008 140319s9999 xx 000 0 ara d
040 _aGCL /
_cGCL
082 0 4 _a301.155
_bب ا
100 1 _aابراهيم فتحى
245 1 0 _aاسئلة علم الاجتماع /
_cابراهيم فتحى
700 1 _aبورديو، بيير
300 _a285 ص
490 _aالهيئة العامة للاستعلامات
_v0
650 0 4 _aالاجتماع
650 0 4 _aالاجتماع، علم
650 0 4 _aعلم الاجتماع السياسى
650 0 4 _aالاجتماع السياسى، علم
942 _2ddc
_cBK
999 _c48024
_d48024